Chaos under control : the art and science of complexity

Αποθηκεύτηκε σε:
Λεπτομέρειες βιβλιογραφικής εγγραφής
Κύριος συγγραφέας: Peak, David 1941-
Άλλοι συγγραφείς: Frame, Michael
Μορφή: Βιβλίο
Γλώσσα:English
Δημοσίευση: New York : W. H. Freeman , c1994
Θέματα:
Ετικέτες: Προσθήκη ετικέτας
Δεν υπάρχουν, Καταχωρήστε ετικέτα πρώτοι!

MARC

LEADER 00000nam a2200000 i 4500
001 1/15398
008 980604s1994 eng d
020 |a 0-7167-2429-4 
035 |l 10019813 
040 |a GR-MY-UA  |b gre  |e aacr 
041 0 |a eng 
082 0 |a 003.7 
100 1 |a Peak, David  |d 1941- 
245 1 0 |a Chaos under control :  |b the art and science of complexity /  |c David Peak; Michael Frame 
260 |a New York :   |b W. H. Freeman ,   |c c1994 
300 |a x, 408 p.  |b fig.; ill. 
504 |a Includes bibliographical references and index 
650 0 0 |a Chaotic behavior in systems. 
650 0 0 |a Computational complexity. 
700 1 |a Frame, Michael. 
852 |a INST  |b LESVOS  |e 19980604  |h 003.7 PEA  |p 005100014527  |q 005100014527  |t BK  |y 0 
901 |a BIBL-1998-2 
909 |a Λ  |b 057214 
922 |a 1ΕΛΗ  |b 199805  |c ΚΠΣ/ΤΠ  |d ΠΑΠΑΣΩΤΗΡΙΟΥ 
950 |a 107-1998-04-08